Ecoulement des fluides

Αποθηκεύτηκε σε:
Λεπτομέρειες βιβλιογραφικής εγγραφής
Κύριος συγγραφέας: Elmaleh, Samuel
Μορφή: Βιβλίο
Γλώσσα:French
Δημοσίευση: Paris : ClE, 1979.
Σειρά:Francais fonctionnel
Θέματα:
Ετικέτες: Προσθήκη ετικέτας
Δεν υπάρχουν, Καταχωρήστε ετικέτα πρώτοι!

MARC

LEADER 00000cam a2200000 i 4500
001 1/813
008 950705s1979 fr | ||| |||| ||fre||
020 |a 219031222X 
035 |l 10014212 
040 |a GR-MyUa  |b gre  |e AACR2 
041 0 |a fre 
082 7 |a 540   |2 (22) 
100 1 |a Elmaleh, Samuel. 
245 1 0 |a Ecoulement des fluides /   |c Samuel Elmaleh. 
260 |a Paris :   |b ClE,   |c 1979. 
300 |a 23 σ. :   |b εικ. ;   |c 27 εκ. 
490 1 |a (Francais fonctionnel) 
504 |a Περιλαμβάνει βιβλιογραφία. 
650 0 0 |a Chemistry. 
830 0 |a Francais fonctionnel 
852 |a INST  |b LESVOS  |e 19950705  |h 540 ELM  |p 005100008038  |q 005100008038  |t BK  |y 0 
970 |z 2000/05/ΟΙΚΟΝΟΜΟΠΟΥΛΟΥ ΧΡΙΣΤΙΝΑ